[Event "Chigorin Memorial 22nd"]
[Site "St Petersburg"]
[Date "2014.10.22"]
[Round "5"]
[White "Sukhareva, Evgenia"]
[Black "Gantsevich, Aleksei"]
[Result "1-0"]
[WhiteElo "2196"]
[BlackElo "1955"]
[PlyCount "107"]
[EventDate "2014.10.18"]
[EventType "swiss"]
[EventRounds "9"]
[EventCountry "RUS"]
[SourceTitle "EXT 2015"]
[Source "ChessBase"]
[SourceDate "2014.11.20"]
[SourceVersion "1"]
[SourceVersionDate "2014.11.20"]
[SourceQuality "1"]

1. d4 Nf6 2. c4 g6 3. Nf3 Bg7 4. g3 d6 5. Bg2 0-0 6. Nc3 Nbd7 7. 0-0 e5 8. h3 c6 9. e4 Qb6 10. dxe5 dxe5 11. b3 Qc7 12. Ba3 Re8 13. Bd6 Qa5 14. b4 Qa3 15. Qd2 Bf8 16. Bxf8 Nxf8 17. Rfb1 b6 18. Bf1 Bd7 19. c5 b5 20. Qe3 Kg7 21. Rb3 Qa6 22. Rd1 Qc8 23. Kh2 Be6 24. Rb2 N6d7 25. Rd6 f6 26. a4 a6 27. h4 h5 28. Nd2 Ra7 29. axb5 axb5 30. Nxb5 cxb5 31. c6 Ra1 32. cxd7 Bxd7 33. Qd3 Rc1 34. Nb3 Rc3 35. Qd2 Rc7 36. Nc5 Bc6 37. Qd1 Qa8 38. Qf3 f5 39. Qe3 Qa1 40. Qe2 Bxe4 41. Rd1 Qa3 42. Rb3 Qa7 43. Qxb5 Rb8 44. Qc4 Qa2 45. Kg1 Qc2 46. Rc1 Qd2 47. Rbc3 Bd5 48. Qa6 Ra8 49. Qd6 Rca7 50. Nb3 Qb2 51. Qxd5 Ra2 52. Qxe5+ Kh6 53. Qe3+ Kg7 54. Rc7+ 1-0

[Event "Chigorin Memorial 21st"]
[Site "St Petersburg"]
[Date "2013.10.06"]
[Round "2"]
[White "Kiseleva, Arina"]
[Black "Gantsevich, Aleksei"]
[Result "1-0"]
[WhiteElo "1992"]
[BlackElo "1614"]
[PlyCount "77"]
[EventDate "2013.10.05"]
[EventType "swiss"]
[EventRounds "9"]
[EventCountry "RUS"]
[SourceTitle "CBM 156 Extra"]
[Source "ChessBase"]
[SourceDate "2013.10.22"]
[SourceVersion "1"]
[SourceVersionDate "2013.10.22"]
[SourceQuality "1"]

1. d4 Nf6 2. Nf3 g6 3. g3 Bg7 4. Bg2 0-0 5. 0-0 d6 6. c4 Nbd7 7. Nc3 e5 8. e4 c6 9. Re1 exd4 10. Nxd4 Qb6 11. Nb3 Ne5 12. Be3 Qc7 13. c5 dxc5 14. Nxc5 b6 15. Nb3 Ba6 16. Nc1 Rad8 17. Qa4 Bc4 18. f4 Nd3 19. Nxd3 Bxd3 20. e5 Ng4 21. Qxc6 Qe7 22. Nd5 Qd7 23. Rad1 Nxe3 24. Rxe3 Bb5 25. Qc2 Kh8 26. Bf3 Qe6 27. a4 Rc8 28. Nc3 Bc4 29. Rd6 Qe7 30. Bg4 Rcd8 31. Ne4 Rxd6 32. exd6 Qd8 33. Qxc4 f5 34. Ng5 fxg4 35. Nf7+ Rxf7 36. Qxf7 Bd4 37. d7 Bxe3+ 38. Kf1 Qc7 39. Qf6+ 1-0

[Event "Chigorin Memorial 21st"]
[Site "St Petersburg"]
[Date "2013.10.05"]
[Round "1"]
[White "Gantsevich, Aleksei"]
[Black "Vunder, Andrei"]
[Result "0-1"]
[WhiteElo "1614"]
[BlackElo "2245"]
[PlyCount "104"]
[EventDate "2013.10.05"]
[EventType "swiss"]
[EventRounds "9"]
[EventCountry "RUS"]
[SourceTitle "CBM 156 Extra"]
[Source "ChessBase"]
[SourceDate "2013.10.22"]
[SourceVersion "1"]
[SourceVersionDate "2013.10.22"]
[SourceQuality "1"]

1. e4 c6 2. d4 d5 3. Nc3 dxe4 4. Nxe4 Bf5 5. Ng3 Bg6 6. h4 h6 7. Nf3 Nd7 8. h5 Bh7 9. Bd3 Bxd3 10. Qxd3 Qc7 11. Bd2 e6 12. 0-0-0 Ngf6 13. Ne4 0-0-0 14. g3 Nxe4 15. Qxe4 Bd6 16. c4 c5 17. d5 Rhe8 18. Qc2 exd5 19. cxd5 Ne5 20. Nxe5 Bxe5 21. Bc3 Kb8 22. Rhe1 Qd6 23. Kb1 b6 24. Qd2 Qf6 25. Bxe5+ Rxe5 26. Rxe5 Qxe5 27. d6 Rd7 28. Qe3 Qxe3 29. fxe3 Kb7 30. e4 f6 31. e5 fxe5 32. Re1 Kc6 33. Rxe5 Kxd6 34. Re3 Re7 35. Rd3+ Ke6 36. g4 Kf6 37. Rd5 Ke6 38. Rd3 Rd7 39. Rf3 Rd4 40. Rg3 Rd5 41. Kc2 b5 42. Ra3 Rg5 43. Rxa7 Rxg4 44. Ra5 Rg2+ 45. Kc3 b4+ 46. Kc4 Rxb2 47. Rxc5 Rxa2 48. Kxb4 Rg2 49. Kc3 Rg5 50. Rc7 Kf5 51. Kd4 Kg4 52. Ke3 Kxh5 0-1

[Event "Chigorin Memorial 20th"]
[Site "St Petersburg"]
[Date "2012.11.02"]
[Round "7"]
[White "Gantsevich, Aleksei"]
[Black "Schepetkova, Margarita"]
[Result "1-0"]
[WhiteElo "2046"]
[BlackElo "2239"]
[PlyCount "99"]
[EventDate "2012.10.27"]
[EventType "swiss"]
[EventRounds "9"]
[EventCountry "RUS"]
[SourceTitle "EXT 2013"]
[Source "ChessBase"]
[SourceDate "2012.11.22"]
[SourceVersion "1"]
[SourceVersionDate "2012.11.22"]
[SourceQuality "1"]

1. e4 e6 2. Qe2 c5 3. g3 Nc6 4. c3 Be7 5. d3 d5 6. f4 dxe4 7. dxe4 e5 8. Nf3 exf4 9. Bxf4 Be6 10. Na3 a6 11. Rd1 Qc8 12. Nc4 Bxc4 13. Qxc4 h6 14. e5 g5 15. Be3 Qf5 16. Bg2 g4 17. Nh4 Qxe5 18. Qe2 Bxh4 19. gxh4 Nge7 20. 0-0 g3 21. h3 Rd8 22. Rde1 Qd6 23. Qh5 0-0 24. Bxc5 Qg6 25. Qxg6+ Nxg6 26. Bxf8 Kxf8 27. Bxc6 bxc6 28. h5 Ne7 29. Rd1 Rb8 30. b3 Nd5 31. Rd3 Re8 32. Rxg3 Re2 33. Rf2 Re1+ 34. Kh2 Re5 35. c4 Ne3 36. Rgf3 f5 37. Kg3 Kg7 38. Rf4 Kf6 39. Kf3 Nd1 40. Re2 Rxe2 41. Kxe2 Nc3+ 42. Kd3 Nxa2 43. Rf2 Nb4+ 44. Kc3 c5 45. Rg2 f4 46. Rg6+ Kf5 47. Rxh6 f3 48. Rh8 Ke4 49. Re8+ Kf4 50. h6 1-0

[Event "Chigorin Memorial 20th"]
[Site "St Petersburg"]
[Date "2012.10.30"]
[Round "4"]
[White "Kashtanov, Ruslan"]
[Black "Gantsevich, Aleksei"]
[Result "1-0"]
[WhiteElo "2356"]
[BlackElo "2046"]
[PlyCount "59"]
[EventDate "2012.10.27"]
[EventType "swiss"]
[EventRounds "9"]
[EventCountry "RUS"]
[SourceTitle "EXT 2013"]
[Source "ChessBase"]
[SourceDate "2012.11.22"]
[SourceVersion "1"]
[SourceVersionDate "2012.11.22"]
[SourceQuality "1"]

1. c4 Nf6 2. Nc3 g6 3. e4 d6 4. d4 Bg7 5. h3 0-0 6. Be3 c5 7. d5 e6 8. Bd3 exd5 9. exd5 Bd7 10. Nf3 Na6 11. 0-0 b5 12. cxb5 Nb4 13. Bc4 Bf5 14. Rc1 a6 15. b6 Nd7 16. Na4 a5 17. a3 Na6 18. Qb3 Nab8 19. Bf4 Ne5 20. Nxe5 dxe5 21. Be3 Nd7 22. b7 Rb8 23. Nxc5 Nb6 24. Ba6 a4 25. Nxa4 Nxa4 26. Qxa4 Qxd5 27. Rfd1 Qe6 28. Ba7 e4 29. Bxb8 e3 30. Bg3 1-0

[Event "St Petersburg White Nights op"]
[Site "St Petersburg"]
[Date "2012.06.10"]
[Round "9"]
[White "Gavrilov, Mikhail"]
[Black "Gantsevich, Aleksei"]
[Result "0-1"]
[WhiteElo "1850"]
[BlackElo "2024"]
[PlyCount "98"]
[EventDate "2012.06.02"]
[EventType "swiss"]
[EventRounds "9"]
[EventCountry "RUS"]
[SourceTitle "CBM 148 Extra"]
[Source "ChessBase"]
[SourceDate "2012.06.22"]
[SourceVersion "1"]
[SourceVersionDate "2012.06.22"]
[SourceQuality "1"]

1. e4 d6 2. d4 Nf6 3. Nc3 Nbd7 4. f4 c6 5. Nf3 e5 6. Bc4 b5 7. Bd3 exd4 8. Nxd4 Qb6 9. Be3 Nc5 10. Qf3 Bg4 11. Qg3 b4 12. Nb1 h5 13. Nd2 d5 14. e5 h4 15. Qf2 Nfd7 16. h3 Nxd3+ 17. cxd3 Nc5 18. Qf1 Bh5 19. N4b3 Qb5 20. Nxc5 Bxc5 21. d4 Qxf1+ 22. Rxf1 Be7 23. Rc1 Kd7 24. Nb3 Rhc8 25. Nc5+ Ke8 26. Na6 Kd7 27. b3 Rg8 28. f5 g5 29. f6 Bf8 30. Rf5 Bg6 31. Rf2 Bd3 32. Nc5+ Bxc5 33. Rxc5 g4 34. Rf4 gxh3 35. gxh3 Rg2 36. Bf2 Rag8 37. Kd2 Bb1 38. Ra5 Ra8 39. Ke3 Kc7 40. Rxh4 Kb6 41. Rc5 Bxa2 42. Rh7 Rf8 43. h4 Bxb3 44. h5 Bc4 45. Bh4 b3 46. e6 b2 47. Rxc4 b1Q 48. Rb4+ Qxb4 49. Rxf7 Qd2+ 0-1

[Event "St Petersburg Spring op"]
[Site "St Petersburg"]
[Date "2012.03.29"]
[Round "8"]
[White "Sichinava, Zviad"]
[Black "Gantsevich, Aleksei"]
[Result "1-0"]
[WhiteElo "2338"]
[BlackElo "2012"]
[PlyCount "75"]
[EventDate "2012.03.22"]
[EventType "swiss"]
[EventRounds "9"]
[EventCountry "RUS"]
[SourceTitle "EXT 2013"]
[Source "ChessBase"]
[SourceDate "2012.11.22"]
[SourceVersion "1"]
[SourceVersionDate "2012.11.22"]
[SourceQuality "1"]

1. d4 d6 2. c4 g6 3. g3 Bg7 4. Bg2 Nf6 5. Nf3 0-0 6. 0-0 Nbd7 7. Nc3 e5 8. b3 Re8 9. Ba3 e4 10. Ne1 e3 11. f3 Nh5 12. Nc2 f5 13. Nd5 c6 14. Ndxe3 f4 15. gxf4 Nxf4 16. Bxd6 Qg5 17. Kh1 Nf6 18. Rg1 N6h5 19. Bf1 Qd8 20. c5 Be6 21. Ng4 Qd7 22. e4 Rad8 23. Nce3 Qf7 24. Nc4 Kh8 25. Nce5 Qg8 26. Qd2 g5 27. Ne3 h6 28. N5g4 Ng6 29. Bc4 Nh4 30. Raf1 Qf7 31. Ne5 Bxe5 32. Bxe5+ Kh7 33. Ng4 Nxf3 34. Qe3 Bxc4 35. Rxf3 Nf4 36. Nf6+ Kg6 37. Qxf4 Be6 38. Nxe8 1-0

[Event "St Petersburg Spring op"]
[Site "St Petersburg"]
[Date "2011.03.29"]
[Round "7"]
[White "Fedoseev, Sergey"]
[Black "Gantsevich, Aleksei"]
[Result "1/2-1/2"]
[WhiteElo "2164"]
[BlackElo "2066"]
[PlyCount "74"]
[EventDate "2011.03.23"]
[EventType "swiss"]
[EventRounds "9"]
[EventCountry "RUS"]
[SourceTitle "CBM 141 Extra"]
[Source "ChessBase"]
[SourceDate "2011.05.03"]
[SourceVersion "1"]
[SourceVersionDate "2011.05.03"]
[SourceQuality "1"]

1. e4 d6 2. d4 Nf6 3. Nc3 g6 4. g3 Bg7 5. Bg2 0-0 6. Nge2 c6 7. a4 a5 8. 0-0 Nbd7 9. h3 e5 10. Be3 Qc7 11. Qd2 exd4 12. Nxd4 Re8 13. Rfe1 Nc5 14. f3 Bd7 15. Rad1 Rad8 16. g4 Bc8 17. g5 Nh5 18. Qf2 Qb6 19. Nb3 Qb4 20. Rxd6 Nxb3 21. Rxd8 Rxd8 22. cxb3 Qxb3 23. f4 Bxc3 24. bxc3 Qxc3 25. f5 gxf5 26. exf5 Bxf5 27. Bb6 Rc8 28. Kh2 Qd3 29. Bxa5 Qd6+ 30. Kg1 Qf4 31. Bd2 Qxf2+ 32. Kxf2 Ng7 33. Re7 Rd8 34. Ba5 Rd7 35. Re5 Be6 36. Bb6 Rd2+ 37. Kg1 Nf5 1/2-1/2

[Event "St Petersburg Spring op"]
[Site "St Petersburg"]
[Date "2011.03.27"]
[Round "5"]
[White "Gantsevich, Aleksei"]
[Black "Osmanov, Magomed"]
[Result "1-0"]
[WhiteElo "2066"]
[BlackElo "1847"]
[PlyCount "39"]
[EventDate "2011.03.23"]
[EventType "swiss"]
[EventRounds "9"]
[EventCountry "RUS"]
[SourceTitle "CBM 141 Extra"]
[Source "ChessBase"]
[SourceDate "2011.05.03"]
[SourceVersion "1"]
[SourceVersionDate "2011.05.03"]
[SourceQuality "1"]

1. e4 d6 2. d4 Nf6 3. Nc3 g6 4. f3 c6 5. Be3 Qb6 6. Qc1 Bg7 7. Nge2 0-0 8. g4 h5 9. e5 Nxg4 10. fxg4 Bxg4 11. h3 Bf3 12. Rg1 dxe5 13. dxe5 Qc7 14. Nd4 Bd5 15. Nxd5 cxd5 16. e6 Kh7 17. exf7 Rxf7 18. Ne6 Qe5 19. Ng5+ Kg8 20. Nxf7 1-0

[Event "St Petersburg Spring op"]
[Site "St Petersburg"]
[Date "2011.03.24"]
[Round "2"]
[White "Gantsevich, Aleksei"]
[Black "Klevets, Ksenia"]
[Result "1/2-1/2"]
[WhiteElo "2066"]
[BlackElo "1810"]
[PlyCount "122"]
[EventDate "2011.03.23"]
[EventType "swiss"]
[EventRounds "9"]
[EventCountry "RUS"]
[SourceTitle "CBM 141 Extra"]
[Source "ChessBase"]
[SourceDate "2011.05.03"]
[SourceVersion "1"]
[SourceVersionDate "2011.05.03"]
[SourceQuality "1"]

1. e4 c5 2. Nf3 Nc6 3. d4 cxd4 4. Nxd4 Nf6 5. Nc3 d6 6. Bg5 e6 7. f3 Be7 8. Qd2 a6 9. Nb3 b5 10. g4 b4 11. Ne2 Nxe4 12. Bxe7 Nxd2 13. Bxd8 Nxb3 14. axb3 Kxd8 15. Kf2 Bb7 16. Bg2 Ke7 17. f4 Rhc8 18. c4 bxc3 19. bxc3 d5 20. Rhe1 Rab8 21. f5 Ne5 22. Kg3 Nd3 23. Red1 Nc5 24. b4 Nd7 25. Rac1 Nb6 26. Re1 e5 27. Nd4 e4 28. Nb3 Nd7 29. Kf4 f6 30. Bf1 Ne5 31. Na5 Nf3 32. Red1 Rd8 33. Nxb7 Rxb7 34. Bxa6 Rbd7 35. Be2 Ne5 36. b5 g5+ 37. Ke3 Rc8 38. Rd4 Rc5 39. Rb4 Rb7 40. Kd4 Kd6 41. Ra1 Rb6 42. Ra8 Rc7 43. Re8 Kd7 44. Rh8 Kd6 45. Rd8+ Rd7 46. Rxd7+ Nxd7 47. c4 dxc4 48. Kxe4 Ne5 49. h3 Kc5 50. Rb1 Rxb5 51. Rxb5+ Kxb5 52. Kd5 Nd3 53. Kd6 Kb4 54. Ke7 Nf4 55. Bxc4 Kxc4 56. Kxf6 Kd5 57. Kxg5 Nxh3+ 58. Kh6 Ke5 59. Kxh7 Kf6 60. Kh6 Ng5 61. Kh5 Nf7 1/2-1/2

[Event "Chigorin Memorial 18th"]
[Site "St Petersburg"]
[Date "2010.10.30"]
[Round "3"]
[White "Bazeev, German"]
[Black "Gantsevich, Aleksei"]
[Result "1-0"]
[WhiteElo "2348"]
[BlackElo "2071"]
[PlyCount "67"]
[EventDate "2010.10.28"]
[EventType "swiss"]
[EventRounds "9"]
[EventCountry "RUS"]
[SourceTitle "EXT 2011"]
[Source "ChessBase"]
[SourceDate "2010.11.26"]
[SourceVersion "1"]
[SourceVersionDate "2010.11.26"]
[SourceQuality "1"]

1. d4 Nf6 2. c4 g6 3. Nc3 Bg7 4. e4 d6 5. Nf3 0-0 6. Be2 e5 7. 0-0 Nc6 8. d5 Ne7 9. Ne1 Nd7 10. f3 f5 11. g4 a5 12. Be3 Nc5 13. Ng2 Kh8 14. h4 c6 15. Qd2 cxd5 16. cxd5 b6 17. exf5 gxf5 18. h5 f4 19. Bxc5 bxc5 20. Bd3 Ba6 21. Bxa6 Rxa6 22. Ne4 Ng8 23. Rac1 Qb6 24. Rc4 Nf6 25. Ng5 Rb8 26. Qd3 Qxb2 27. Qf5 Rf8 28. Ne6 Qb5 29. h6 Bxh6 30. Nxf8 Qxc4 31. Qxf6+ Bg7 32. Qd8 h6 33. Ne6+ Kh7 34. Qe7 1-0

[Event "St Petersburg Autumn op"]
[Site "St Petersburg"]
[Date "2010.10.24"]
[Round "9"]
[White "Gantsevich, Aleksei"]
[Black "Svidinsky, Dmitry"]
[Result "1-0"]
[WhiteElo "2071"]
[BlackElo "2172"]
[PlyCount "97"]
[EventDate "2010.10.16"]
[EventType "swiss"]
[EventRounds "9"]
[EventCountry "RUS"]
[SourceTitle "EXT 2011"]
[Source "ChessBase"]
[SourceDate "2010.11.26"]
[SourceVersion "1"]
[SourceVersionDate "2010.11.26"]
[SourceQuality "1"]

1. e4 d5 2. exd5 Nf6 3. d4 Nxd5 4. c4 Nf6 5. Nc3 e5 6. Qe2 Qxd4 7. Nf3 Qd8 8. Bg5 Be7 9. Rd1 Nbd7 10. Nxe5 0-0 11. f4 c6 12. g3 Qe8 13. Bg2 Nxe5 14. Qxe5 Be6 15. b3 Ng4 16. Qe2 Bb4 17. Rc1 Qd7 18. 0-0 Qd4+ 19. Kh1 Ne3 20. Rf3 Nxg2 21. f5 Qg4 22. fxe6 Qxg5 23. Rcf1 fxe6 24. Qxe6+ Kh8 25. Rxf8+ Rxf8 26. Rxf8+ Bxf8 27. Ne4 Qe7 28. Qxe7 Bxe7 29. Kxg2 Kg8 30. Kf3 Kf7 31. Kf4 Ke6 32. Ng5+ Bxg5+ 33. Kxg5 Ke5 34. h4 Ke4 35. h5 Kf3 36. g4 Ke4 37. h6 gxh6+ 38. Kxh6 Kf4 39. Kxh7 Kxg4 40. Kg6 Kf4 41. Kf6 Ke4 42. Ke6 Kd4 43. Kd6 a5 44. Kc7 a4 45. Kxb7 Kc5 46. Ka6 axb3 47. axb3 Kd6 48. Kb6 c5 49. Kb5 1-0

[Event "Chigorin Memorial 17th"]
[Site "St Petersburg"]
[Date "2009.10.23"]
[Round "8"]
[White "Gantsevich, Aleksei"]
[Black "Stroganov, Anatoly"]
[Result "1-0"]
[WhiteElo "2096"]
[BlackElo "1890"]
[PlyCount "75"]
[EventDate "2009.10.16"]
[EventType "swiss"]
[EventRounds "9"]
[EventCountry "RUS"]
[SourceTitle "CBM 132 Extra"]
[Source "ChessBase"]
[SourceDate "2009.11.03"]
[SourceVersion "1"]
[SourceVersionDate "2009.11.03"]
[SourceQuality "1"]

1. e4 d6 2. d4 Nf6 3. Nc3 g6 4. f4 Bg7 5. Nf3 c5 6. Bb5+ Bd7 7. e5 Ng4 8. e6 Bxb5 9. exf7+ Kd7 10. Nxb5 Qa5+ 11. Nc3 cxd4 12. Nxd4 h5 13. h3 Nc6 14. Nde2 Nh6 15. Be3 Nf5 16. Bf2 Raf8 17. 0-0 Rxf7 18. a3 h4 19. b4 Qd8 20. b5 Na5 21. Qd3 b6 22. Rab1 Qc7 23. Nd5 Qc4 24. Qd2 Qc8 25. Nb4 e6 26. Rfd1 Ke7 27. Kh2 Rd8 28. Qe1 Bf6 29. Nd4 Nxd4 30. Bxd4 Bxd4 31. Rxd4 Rh7 32. Rbd1 Rh5 33. Qe4 Rf5 34. Nd5+ Kf7 35. Ne3 Rc5 36. Rxd6 Rxd6 37. Rxd6 Rxc2 38. Nxc2 1-0

[Event "Chigorin Memorial 17th"]
[Site "St Petersburg"]
[Date "2009.10.19"]
[Round "4"]
[White "Gantsevich, Aleksei"]
[Black "Fokin, Anatoly"]
[Result "0-1"]
[WhiteElo "2096"]
[BlackElo "1912"]
[PlyCount "104"]
[EventDate "2009.10.16"]
[EventType "swiss"]
[EventRounds "9"]
[EventCountry "RUS"]
[SourceTitle "CBM 132 Extra"]
[Source "ChessBase"]
[SourceDate "2009.11.03"]
[SourceVersion "1"]
[SourceVersionDate "2009.11.03"]
[SourceQuality "1"]

1. d4 Nf6 2. Nf3 g6 3. c4 Bg7 4. Nc3 0-0 5. e4 d6 6. Be2 Nbd7 7. 0-0 e5 8. Be3 Ng4 9. Bg5 f6 10. Bc1 Nh6 11. dxe5 Nxe5 12. Nd4 Bd7 13. f4 Nc6 14. f5 Qe8 15. Ncb5 Rc8 16. c5 a6 17. Nxc6 axb5 18. Na7 Ra8 19. Qb3+ Kh8 20. Nxb5 Qxe4 21. Bd3 Qe5 22. Bf4 Qxc5+ 23. Kh1 Bxb5 24. Bxh6 Bxd3 25. Bxg7+ Kxg7 26. Qxd3 d5 27. Rac1 Qd6 28. a3 c5 29. Qb5 b6 30. Rce1 gxf5 31. Rxf5 d4 32. Rf3 Rad8 33. Qd3 Rde8 34. Ref1 Re7 35. g4 Qd5 36. Kg1 c4 37. Qd2 d3 38. g5 f5 39. Qb4 Qd4+ 40. Kh1 Ref7 41. Qd2 b5 42. R1f2 Re8 43. Kg2 Kg6 44. h4 Qxh4 45. Rh3 Qe4+ 46. Kh2 Qe1 47. Rh6+ Kg7 48. Rxh7+ Kxh7 49. g6+ Kxg6 50. Rg2+ Kh7 51. Qg5 Qe5+ 52. Kg1 Qe3+ 0-1

[Event "St Petersburg Autumn op"]
[Site "St Petersburg"]
[Date "2009.??.??"]
[Round "5"]
[White "Gantsevich, Aleksei"]
[Black "Kharlamov, Igor1111"]
[Result "1/2-1/2"]
[WhiteElo "2095"]
[BlackElo "1960"]
[PlyCount "113"]
[EventDate "2009.10.??"]
[EventType "swiss"]
[EventRounds "9"]
[EventCountry "RUS"]
[SourceTitle "EXT 2011"]
[Source "ChessBase"]
[SourceDate "2010.11.26"]
[SourceVersion "1"]
[SourceVersionDate "2010.11.26"]
[SourceQuality "1"]

1. e4 c5 2. Nf3 d6 3. d3 g6 4. g3 Bg7 5. Bg2 Nc6 6. c3 Nf6 7. 0-0 0-0 8. Nbd2 Bg4 9. h3 Bd7 10. a4 a6 11. Nc4 Qc7 12. a5 Rab8 13. Re1 Be6 14. e5 Nd7 15. exd6 exd6 16. Bf4 Bxc4 17. dxc4 Nde5 18. Nxe5 dxe5 19. Be3 Nxa5 20. Qa4 b6 21. Red1 Rfd8 22. Bd5 Rd6 23. h4 h5 24. b4 cxb4 25. c5 Rxd5 26. Rxd5 Nc4 27. cxb6 Nxb6 28. Bxb6 Qxb6 29. cxb4 Qxb4 30. Qxb4 Rxb4 31. Rxa6 Rb7 32. Kg2 Re7 33. Kf3 Rb7 34. Ra4 Rb3+ 35. Kg2 Rb7 36. g4 hxg4 37. Rxg4 Re7 38. f3 Ra7 39. Kg3 Re7 40. Re4 Ra7 41. Re1 Rb7 42. Rh1 Bf6 43. h5 gxh5 44. Rxh5 Kg7 45. Rd3 Kg6 46. Rh1 Bg5 47. Ra3 Kf5 48. Ra2 Rb3 49. Kf2 f6 50. Rc2 Rd3 51. Ke2 Re3+ 52. Kf2 Ra3 53. Rh5 Kg6 54. Rh8 Kf5 55. Rh3 Rd3 56. Kg2 Kf4 57. Rf2 1/2-1/2

[Event "St Petersburg Autumn op"]
[Site "St Petersburg"]
[Date "2009.??.??"]
[Round "7"]
[White "Gantsevich, Aleksei"]
[Black "Kudrjavich, Dmitry"]
[Result "1-0"]
[WhiteElo "2095"]
[BlackElo "1935"]
[PlyCount "45"]
[EventDate "2009.10.??"]
[EventType "swiss"]
[EventRounds "9"]
[EventCountry "RUS"]
[SourceTitle "EXT 2011"]
[Source "ChessBase"]
[SourceDate "2010.11.26"]
[SourceVersion "1"]
[SourceVersionDate "2010.11.26"]
[SourceQuality "1"]

1. e4 c5 2. Nf3 e6 3. d4 cxd4 4. Nxd4 Nc6 5. Nc3 d6 6. Be3 Nf6 7. f3 Be7 8. Qd2 0-0 9. g4 a6 10. a4 Bd7 11. h4 Rc8 12. h5 Ne8 13. Nxc6 bxc6 14. g5 e5 15. g6 f5 16. Bc4+ Kh8 17. h6 f4 18. hxg7+ Kxg7 19. Rxh7+ Kxg6 20. Qh2 Bh4+ 21. Rxh4 fxe3 22. Rh6+ Kg5 23. Qh4# 1-0